000 01117nam a2200289 i 4500
001 768714001
003 CO-MdFUSB
005 20220728124228.0
007 ta
008 211020t1987 ec |||| |||| 00| 0 spa d
020 _a[No incluye ISBN]
040 _aCO-MdFUSB
_bspa
_cCO-MdFUSB
_dCO-MdFUSBC
_erda
041 _aspa
090 _aAV 0198
100 _aMoctezuma, María Blanca,
_eautor
245 3 _aEl uso de la paradoja como técnica terapéutica
_c/ María Blanca Moctezuma
264 0 _aQuito, Ecuador :
_bEirene Internacional,
_c[1987]
300 _a12 páginas
_c; 21 cm
336 _2rdacontent
_atexto
_btxt
337 _2rdamedia
_asin mediación
_bn
338 _2rdacarrier
_avolumen
_bnc
490 _aMonografías.
505 _aDefinición de la paradoja. -- Antecedentes históricos de la terapia paradójica. -- Cómo y cuando utilizar la paradoja en psicoterapia. -- Intervenciones paradójicas. -- Redefinición. -- Prescripciones paradójicas. -- Variaciones de las prescripciones paradójicas. -- Conclusiones.
563 _aRústico
650 7 _972
_aPsicología social
942 _cAV
999 _c66973
_d66973